Carregant...
International money game /
| Autor principal: | |
|---|---|
| Format: | Printed Book |
| Idioma: | English |
| Publicat: |
London :
Macmillan,
1977.
|
| LEADER | 00450nam a2200133Ia 4500 | ||
|---|---|---|---|
| 008 | 150624b xxu||||| |||| 00| 0 eng d | ||
| 082 | |a 332.45 | ||
| 100 | |a Aliber, Robert Z. | ||
| 245 | |a International money game / |c Robert Z. Aliber | ||
| 260 | |a London : |b Macmillan, |c 1977. | ||
| 300 | |a 312 p. | ||
| 942 | |c BK | ||
| 999 | |c 20990 |d 20990 | ||
| 952 | |0 0 |1 0 |4 0 |6 332_450000000000000_ALI_I |7 0 |9 20989 |a UL |b UL |c ST1 |d 1998-08-28 |l 0 |o 332.45 ALI/I |p 30956 |r 2012-10-27 |w 2012-10-27 |y BK | ||